| 000 | 00949nam a2200289 i 4500 | ||
|---|---|---|---|
| 001 | 768714001 | ||
| 003 | CO-MdFUSB | ||
| 005 | 20220728101909.0 | ||
| 007 | ta | ||
| 008 | 211020t1967 enk |||| |||| 00| 0 eng d | ||
| 020 | _a[No incluye ISBN] | ||
| 040 |
_aCO-MdFUSB _bspa _cCO-MdFUSB _dCO-MdFUSBC _erda |
||
| 041 | _aeng | ||
| 090 | _aAV 0174 | ||
| 110 | _aCatholic Truth Society | ||
| 245 | 1 |
_aEcumenical Directory : _bfor the application of the decisions of the second ecumenical council of the vatican concerning ecumenial matters . Part 1 _c/ Catholic Truth Society |
|
| 264 | 0 |
_aLondon : _bCatholic Truth Society, _c[1967] |
|
| 300 |
_a24 páginas _c; 19 cm |
||
| 336 |
_2rdacontent _atexto _btxt |
||
| 337 |
_2rdamedia _asin mediación _bn |
||
| 338 |
_2rdacarrier _avolumen _bnc |
||
| 490 | _aSecretariat for Promoting Christian Unity | ||
| 563 | _aRústico | ||
| 653 | _aIglesia católica | ||
| 942 | _cAV | ||
| 999 |
_c66977 _d66977 |
||